00275nam a2200097Ia 4500008004100000041000800041082002800049100002500077245003700102260003800139230411s9999 xx 000 0 und d aeng aMS/610.73677/PHI/B03664 aPhipps S M & Woods P aShafers Medical Surgical Nursing bB I PublicationsaNew Delhic1996